| 000 | 00590nam a22002177a 4500 | ||
|---|---|---|---|
| 005 | 20230213151605.0 | ||
| 008 | 230213b ||||| |||| 00| 0 eng d | ||
| 040 | _cAL | ||
| 041 | _aEnglish | ||
| 082 |
_223 _a345.4071 _bCHAF |
||
| 100 |
_aPrashant Chandra _972176 |
||
| 245 | _aFundamental Right to Liberty | ||
| 260 |
_aLucknow _bPrint House _c1995 |
||
| 300 |
_axxvii,257 p. _bHB _c21.5x14 cm. |
||
| 650 |
_aIndia _972150 |
||
| 650 |
_aCivil rights _972151 |
||
| 650 |
_aHabeas corpus _972152 |
||
| 650 |
_aLiberty _972153 |
||
| 700 |
_aCHANDRA (Prashant) _972154 |
||
| 942 |
_2ddc _cGF |
||
| 999 |
_c226694 _d226694 |
||